Principles of optimal control theory

Saved in:
Bibliografiske detaljer
Hovedforfatter: Gamkrelidze, R. V (Author)
Format: Bog
Sprog:engelsk
Udgivet: Nueva York Plenum Press 1978
Serier:Mathematical Concepts and Methods in Science and Engineering, 7
Fag:
Tags: Tilføj Tag
Ingen Tags, Vær først til at tagge denne postø!

MARC

LEADER 00000nam a2200000 a 4500
001 UCQ8593
003 CL-VaPUC
008 981210e19780000US |||||||||||||||||eng|d
082 0 4 |a 629.831  |b GAM  |2 21 
100 |a Gamkrelidze, R. V  |e author  |9 422641 
245 1 0 |a Principles of optimal control theory 
300 |a 175 p 
942 |c BK 
945 |d 19981210 00:00:00  |a cmena 
260 |a Nueva York  |b Plenum Press  |c 1978 
650 0 |a Sistemas de control  |9 263596 
650 0 |a Teoría de control  |9 336624 
650 0 |a Ingeniería de sistemas   |9 261019 
650 0 |a Matemática aplicada   |9 260236 
650 0 |a Optimización  |9 339671 
583 |a last modification  |c 19981210 00:00:00  |k Rodrigo Vera 
490 0 |a Mathematical Concepts and Methods in Science and Engineering, 7 
999 |c 277811  |d 277809 
952 |0 0  |1 0  |2 ddc  |4 0  |6 629_831000000000000_GAM_1978  |7 0  |8 A  |9 316024  |a BIBING  |b BIBING  |d 2019-11-20  |i 1307320  |o 629.831 GAM 1978  |p 1307320  |r 2025-01-20  |w 2019-11-20  |y BK  |k ING